000 00775nam a2200265Ia 4500
003 OSt
005 20220928102948.0
006 a|||||r|||| 00| 0
007 ta
008 220927b |||||||| |||| 00| 0 hin d
020 _cINR 475.00
024 _a142451
037 _bGV694, 28/02/2020, Vani Prakashan
_cTextual
040 _aSDCL
_cSDCL
_bhin
041 _2hin
_ahin
082 _aO152,6N41, Q9
100 _aPandey Manager
_9401469
245 0 _aBatkahi
260 _aDelhi
_bVani Prakashan
_c2019
300 _a191p.
_ccm.
650 _aHindi
_9391598
700 _a Sayayat Chandra Ed.
_9401470
942 _hO152,6N41, Q9
_cTEXL
_2CC
999 _c717344
_d717344